[Event "IND-ch (Women) 48th"]
[Site "Hatkanangale"]
[Date "2022.12.30"]
[Round "5"]
[White "Netra, P Savaikar"]
[Black "Bajaj, Shraddha"]
[Result "1-0"]
[WhiteElo "1534"]
[BlackElo "1406"]
[PlyCount "95"]
[EventDate "2022.12.26"]
[EventType "swiss"]
[EventRounds "11"]
[EventCountry "IND"]
[SourceTitle "CBM 212 Extra"]
[Source "ChessBase"]
[SourceDate "2023.03.31"]
[SourceVersion "1"]
[SourceVersionDate "2023.03.31"]
[SourceQuality "1"]

1. d4 d5 2. Nf3 Nf6 3. e3 e6 4. Bd3 Be7 5. b3 0-0 6. Bb2 Nbd7 7. Nbd2 b6 8. c4 Bb7 9. Qc2 c5 10. 0-0 Rc8 11. Qd1 Bd6 12. Qe2 Ne4 13. Rfd1 Bb8 14. dxc5 bxc5 15. cxd5 exd5 16. Bb5 Ndf6 17. Ba6 Qb6 18. Bxb7 Qxb7 19. Nxe4 Nxe4 20. Nd2 Qc7 21. g3 Qe7 22. Nxe4 dxe4 23. Rd5 Rc6 24. Rc1 a6 25. b4 Rh6 26. bxc5 Qe6 27. Rh5 Rxh5 28. Qxh5 Qxa2 29. Bd4 Bc7 30. Qg4 f6 31. Qxe4 Qf7 32. Rb1 Be5 33. Rb7 Qh5 34. c6 Re8 35. Bxe5 fxe5 36. Qd5+ Kh8 37. c7 h6 38. Rb8 Kh7 39. Rxe8 Qxe8 40. Qd8 Qb5 41. c8Q Qb1+ 42. Kg2 Qe4+ 43. Kh3 Qb1 44. Qg8+ Kg6 45. Qce8+ Kf6 46. Qgf8+ Kg5 47. Qxg7+ Kf5 48. Qexe5# 1-0

[Event "IND-ch (Women) 48th"]
[Site "Hatkanangale"]
[Date "2022.12.26"]
[Round "1"]
[White "Netra, P Savaikar"]
[Black "Pandey, Srishti"]
[Result "0-1"]
[WhiteElo "1534"]
[BlackElo "2198"]
[PlyCount "88"]
[EventDate "2022.12.26"]
[EventType "swiss"]
[EventRounds "11"]
[EventCountry "IND"]
[SourceTitle "CBM 212 Extra"]
[Source "ChessBase"]
[SourceDate "2023.03.31"]
[SourceVersion "1"]
[SourceVersionDate "2023.03.31"]
[SourceQuality "1"]

1. d4 d5 2. Nf3 Nf6 3. e3 e6 4. Bd3 c5 5. Nbd2 c4 6. Be2 b5 7. c3 Nbd7 8. b3 Qc7 9. 0-0 Rb8 10. Qc2 Bd6 11. h3 0-0 12. a4 a6 13. axb5 axb5 14. bxc4 bxc4 15. Ba3 Bb7 16. Rfb1 Bc6 17. Bxd6 Qxd6 18. Ra6 Qc7 19. Rba1 Rb6 20. Rxb6 Qxb6 21. Bd1 Qc7 22. Qc1 Ne8 23. Ba4 Nd6 24. Bc2 Rb8 25. Ba4 Bb5 26. Qc2 Ra8 27. Ng5 g6 28. Qb2 Rxa4 29. Rxa4 Bxa4 30. Qb4 Bc2 31. Qb2 Bd3 32. Qa3 h6 33. Ngf3 Kg7 34. g4 Be2 35. Ne5 Nxe5 36. dxe5 Ne4 37. Nxe4 dxe4 38. Qa8 Qxe5 39. Qc6 Qd5 40. Qc7 Qd1+ 41. Kh2 Bf3 42. Qe5+ Kh7 43. Kg3 Qg1+ 44. Kf4 Qh2# 0-1